Central Library OPAC University of Rajshahi

The methodology of the social sciences / (Record no. 33881)

MARC details
000 -LEADER
fixed length control field 01179cam a2200265 a 4500
001 - CONTROL NUMBER
control field 33881
003 - CONTROL NUMBER IDENTIFIER
rucl marc code BD-RjUL
005 - DATE AND TIME OF LATEST TRANSACTION
control field 20211209052055.0
008 - FIXED-LENGTH DATA ELEMENTS--GENERAL INFORMATION
fixed length control field 140511t1949 nyu 000 0 eng d
035 ## - SYSTEM CONTROL NUMBER
System control number (BD-RjUL)33973
040 ## - CATALOGING SOURCE
Original cataloging agency DLC
Transcribing agency URB
Modifying agency m.c
-- OCL
-- BD-RjUL
Language of cataloging eng
041 1# - LANGUAGE CODE
Language code of text/sound track or separate title engund
082 04 - DEWEY DECIMAL CLASSIFICATION NUMBER
Classification number 301
Author mark and year WEM 1949
100 1# - MAIN ENTRY--PERSONAL NAME
Personal name Weber, Max,
Dates associated with a name 1864-1920.
9 (RLIN) 102927
245 14 - TITLE STATEMENT
Title The methodology of the social sciences /
Statement of responsibility, etc. Max Weber ; translated and edited by Edward A. Shils and Henry A. Finch; with a foreword by Edward A. Shils
260 ## - PUBLICATION, DISTRIBUTION, ETC. (IMPRINT)
Place of publication, distribution, etc. New York :
Name of publisher, distributor, etc. Free Press,
Date of publication, distribution, etc. c1949.
300 ## - PHYSICAL DESCRIPTION
Pagination xvii, 188 p. ;
Size 22 cm
500 ## - GENERAL NOTE
General note Three essays, two of which were first published in Archiv fΓΌr Sozialwissenschaft und Sozialpolitik in 1904 and 1905, and the third in Logos in 1917
504 ## - BIBLIOGRAPHY, ETC. NOTE
Bibliography, etc Includes bibliographical footnotes
505 0# - FORMATTED CONTENTS NOTE
Formatted contents note The meaning of "ethical neutrality" in sociology and ecomomics.--"Objectivity" in social science and social policy.--Critical studies in the logic of the cultural sciences
650 #0 - SUBJECT ADDED ENTRY--TOPICAL TERM
Topical term or geographic name as entry element Social sciences
General subdivision Methodology
9 (RLIN) 102928
700 1# - ADDED ENTRY--PERSONAL NAME
Personal name Shils, Edward,
Dates associated with a name 1910-1995.
Personal name Finch, Henry A.
942 ## - ADDED ENTRY ELEMENTS (KOHA)
Source of classification or shelving scheme Dewey Decimal Classification
Koha item type Books
Holdings
Lost status Source of classification or shelving scheme Damaged status Not for loan Collection code Permanent Location Current Location Shelving location Date acquired Source of acquisition Total Checkouts Full call number Date last seen Copy number Koha item type
  Dewey Decimal Classification   Not For Loan Non-fiction Central Library, University of Rajshahi Central Library, University of Rajshahi Reading Room 08/06/1977 W. U.S   301 WEM 1949 11/05/2014 C-1 Books